Online Public Access Catalogue

Nelson Textbook of Pediatrics (Record no. 7812)

MARC details
000 -LEADER
fixed length control field 00397nam a2200169Ia 4500
020 ## - INTERNATIONAL STANDARD BOOK NUMBER
International Standard Book Number 9780808924203
082 ## - DEWEY DECIMAL CLASSIFICATION NUMBER
Classification number 618.92
Author Mark BEH
Edition number 19
100 ## - MAIN ENTRY--PERSONAL NAME
Author Name Behrman, Richard E.
245 #0 - TITLE STATEMENT
Title Nelson Textbook of Pediatrics
Statement of responsibility, etc. Behrman, Richard E.
250 ## - EDITION STATEMENT
Edition statement 19th
260 ## - PUBLICATION, DISTRIBUTION, ETC.
Place of publication, distribution, etc. Philadelphia
Name of publisher, distributor, etc. Saunders
Date of publication, distribution, etc. 2011
300 ## - PHYSICAL DESCRIPTION
No of Pages 1239
440 ## - SERIES STATEMENT/ADDED ENTRY--TITLE
Volume/sequential designation 1
490 ## - SERIES STATEMENT
Volume/sequential designation 1
650 ## - SUBJECT ADDED ENTRY--TOPICAL TERM
Subject Pediatrics.
942 ## - ADDED ENTRY ELEMENTS (KOHA)
Koha item type Books
Source of classification or shelving scheme
Edition 19
952 ## - LOCATION AND ITEM INFORMATION (KOHA)
-- 2018-03-16
Holdings
Withdrawn status Lost status Source of classification or shelving scheme Damaged status Not for loan Home library Current library Shelving location Date acquired Total Checkouts Full call number Barcode Date last seen Koha item type
          Islamabad Medical and Dental College Islamabad Medical and Dental College Islamabad Medical and Dental College 16/03/2018   618.92 BEH 9576 16/03/2018 Books

Copyright @ IMDC Library
Islamabad Medical and Dental College
Bhara Kahu, Islamabad

  Contact the Librarian, IMDC
  Email:: library@imdcollege.edu.pk

  OPAC Customized by
  Mazhar Hussain,
  Librarian:
  Islamabad Medical and Dental College
  Email:: library@imdcollege.edu.pk